Ricostruisci la Carriera del Calciatore - Javier Hernández - Statistics

Statistiche generali
  • Questo quiz è stato fatto 3 volte
  • Il punteggio medio è 2 su 8
Statistiche sulle risposte
Hint Risposta % Corretto
2007-2010 Guadalajara
100%
2020-2024 LA Galaxy
50%
2019-2020 Siviglia
50%
2015-2017 Bayer Leverkusen
0%
2024- Guadalajara
0%
2010-2014 Manchester Utd
0%
2014-2015 Real Madrid
0%
2017-2019 West Ham Utd
0%
Nessun quiz corrispondente trovato
Distribuzione punteggi
Percentuale di utenti per punteggio
Percentile per numero di risposta
I tuoi punteggi nel tempo
Non hai fatto questo quiz